| 000 | 00707nam a2200241Ia 4500 | ||
|---|---|---|---|
| 003 | GCL | ||
| 008 | 140319s9999 xx 000 0 ara d | ||
| 040 |
_aGCL / _cGCL |
||
| 082 | 0 | 4 |
_a257 _bح ن |
| 100 | 1 | _aحسن ابراهيم حسن | |
| 245 | 1 | 0 |
_aالنظم الاسلامية / _cحسن ابراهيم حسن |
| 700 | 1 | _aعلى ابراهيم حسن | |
| 260 |
_a[S.N] : _bمكتبة النهضة المصرية ، _c1994 |
||
| 300 | _a328 | ||
| 490 | _a | ||
| 650 | 0 | 4 | _aالاسلام |
| 650 | 0 | 4 | _aالديانات |
| 650 | 0 | 4 | _aالدقيق |
| 650 | 0 | 4 | _aالنظام السياسى |
| 650 | 0 | 4 | _aالنظام المالى |
| 650 | 0 | 4 | _aالنظام الادارى |
| 942 |
_2ddc _cBK |
||
| 999 |
_c29216 _d29216 |
||